A textbook of Microbiology/ (Record no. 194280)

MARC details
000 -LEADER
fixed length control field 00845nam a22002057a 4500
005 - DATE AND TIME OF LATEST TRANSACTION
control field 20230127153357.0
010 ## - LCCN (DPL NO)
LC control number B-747231 E.N.A./7.11.22
020 ## - INTERNATIONAL STANDARD BOOK NUMBER
International Standard Book Number 9789355011862
Terms of availability 1149.00
035 ## - SYSTEM CONTROL NUMBER
System control number B-747231
037 ## - SOURCE OF ACQUISITION
Source of stock number/acquisition AKPD
082 ## - DEWEY DECIMAL CLASSIFICATION NUMBER
Classification number 576
100 ## - MAIN ENTRY--PERSONAL NAME
Personal name Dubey, RC
245 ## - TITLE STATEMENT
Title A textbook of Microbiology/
Statement of responsibility, etc RC Dubey and DK Maheshwari
260 ## - PUBLICATION, DISTRIBUTION, ETC. (IMPRINT)
Place of publication, distribution, etc New Delhi
Name of publisher, distributor, etc S. Chand and company ltd
Date of publication, distribution, etc 2022
270 ## - ADDRESS
Address Block B-1,House No.D-1, Ground Floor Mohan, Co-operative
City New Delhi
Postal code 110044
Telephone number 011-66672000
Electronic mail address info@schandpublishing.com
300 ## - PHYSICAL DESCRIPTION
Extent xvi,1088p.
Dimensions 24cm(hbk)
700 ## - ADDED ENTRY--PERSONAL NAME
Personal name Maheshwari, DK
942 ## - ADDED ENTRY ELEMENTS (KOHA)
Source of classification or shelving scheme Dewey Decimal Classification
Item type English Books
Call number suffix DUB
Classification part 576
Holdings
Withdrawn status Lost status Not for loan Collection code Home library Current library Date acquired Source of acquisition Cost, normal purchase price Full call number Barcode Copy number Cost, replacement price Koha item type
      Non-fiction Central Library Central Library 27/01/2023 AKPD/A-22/28.11.22/147/23.11.22/2.12.22 1149.00 576 DUB B-747231 1 1149.00 English Books

© Delhi Public Library
Hit Counter
free hit counter